000
00301 a2200121 4500
000
nam a22 7a 4500
005
20260311093338.0
020
_a
9780670096312
100
_a
Suraj Milind Yengde
_9
1131584
245
_a
Caste: A Global Story
260
_b
Penguin Random House
_c
2025
942
_c
AUD
999
_c
1715069
_d
1715069